Ehemalige europäische Länder - Statistiken

Allgemein
  • Dieses Quiz wurde 82 mal gespielt
  • Das Durchschnittsergebnis liegt bei 7 aus 11
Antwortstatistiken
Bildquiz Antwort % Korrekt
Tschechoslowakei
94%
Preußen
90%
Jugoslawien
86%
Sowjetunion
83%
Römisches Reich
73%
Osmanisches Reich
65%
Österreich-Ungarn
65%
Heiliges Römisches Reich
56%
Republik Venedig
51%
Fränkisches Reich
46%
Makedonisches Reich
33%
Keine übereinstimmenden Quizze gefunden
Verteilung der Resultate
Anzahl Personen mit jedem Resultat
Perzentil nach korrekt beantworteten Fragen
Ihre Resultats-Entwicklung
Sie haben dieses Quiz noch nicht gespielt